Statistics for Countries that need more than 10 Characters to be Typed

Click here to take the quiz!

General Stats

  • This quiz has been taken 66 times
  • The average score is 5 of 10

Answer Stats

#Country% Correct
11South Africa
64%
17Dominican Republic
62%
12Turkmenistan
62%
16Equatorial Guinea
53%
15Marshall Islands
48%
14Solomon Islands
48%
11Switzerland
40%
11Guinea-Bissau
36%
11Saudi Arabia
34%
11Burkina Faso
19%

Score Distribution

Percentile by Number Answered

Percent of People with Each Score

Your Score History

You have not taken this quiz